000 00582nam a2200181 a 4500
001 000047520
005 20201002060602.0
008 180614s2000 dr ac 000 0 spa d
040 _aDO-SdBNP
_bspa
_cBNPHU
041 1 7 _aspa
_heng
082 _axx
_bxx
100 1 _aMeccariello, Pascal
_956885
245 1 0 _aRituales de salvación :
_binstalaciones /
_cPascal Meccariello ;.
260 _aSanto Domingo, República Dominicana :
_bCentro Cultural de España,
_c2000.
300 _a[20] p. :
_bil. ;
_c29 cm.
500 _aTextos en españo e inglés
590 _aInventariado, 2019/VM
999 _c47008
_d47008